000 00748cam a22002414a 4500
001 12573909
005 20180827082426.0
008 011029s2003 maua 001 0 eng
010 _a 2001055815
020 _a0072528125 (student ed. : alk. paper)
020 _a0072423382 (instructor's ed. : alk. paper)
040 _aDLC
_cDLC
_dDLC
041 _aeng
042 _apcc
080 _a658.1511
082 0 0 _a658.1511
_221
100 1 _a62
101 _aKON
245 1 0 _aManagerial accounting /
_cRay H. Garrison, Eric W. Noreen.
906 _a7
_bcbc
_corignew
_d1
_eocip
_f20
_gy-gencatlg
942 _2ddc
_cBK
999 _c47354
_d47354